| 000 | 00787nam a2200265Ia 4500 | ||
|---|---|---|---|
| 003 | OSt | ||
| 005 | 20221005024941.0 | ||
| 006 | a|||||r|||| 00| 0 | ||
| 007 | ta | ||
| 008 | 221004b |||||||| |||| 00| 0 ara d | ||
| 020 | _c120.00 | ||
| 024 | _a15368 | ||
| 037 |
_b239, 13/03/2009, Nadwi Publications _cTextual |
||
| 040 |
_aCRL _cCRL _bara |
||
| 041 |
_2ara _aara |
||
| 082 | _aQ7:33, 28P7 | ||
| 100 |
_aAbrashi Muhammad Atiya Au. _9175606 |
||
| 245 | 0 | _aHayaat sayed al mursalin | |
| 260 |
_aCairo _bMaktaba Misr Egypt _c2007 |
||
| 300 |
_a215p. _ccm. |
||
| 650 |
_a PROPHETS _94238 |
||
| 650 |
_aARABIC LANGUAGE _931794 |
||
| 942 |
_hQ7:33, 28P7 _cTEXL _2cc |
||
| 999 |
_c933766 _d933766 |
||